| 000 | 00331nam a2200133Ia 4500 | ||
|---|---|---|---|
| 100 | _aNakra/B.C/ Chaudhry/K.K | ||
| 942 | _cBK | ||
| 654 | _aintstrumentation | ||
| 245 | _aInstrumentation measurement and analysis | ||
| 260 |
_bTata Mc Graw hill _aNew Delhi _c1987 |
||
| 082 |
_a621.38104 _bNAK |
||
| 300 | _a534 | ||
| 546 | _aENGLISH | ||
| 999 |
_c17925 _d17925 |
||